Ładuje się......

Economic reforms and growth: some dimensions

Opis bibliograficzny
1. autor: Murty, S; Ed
Format: Printed Book
Wydane: Jaipur, RBSA Publishers 1997
Hasła przedmiotowe:
LEADER 005400000a22001810004500
020 |a 81-7611-007-8 
082 |a 338.954 N72 
100 |a Murty, S; Ed 
245 |a Economic reforms and growth: some dimensions 
260 |a Jaipur, RBSA Publishers 
260 |c 1997 
465 |a R 350 
650 |a Economic development 
650 |a India 
650 |a Privatization 
942 |c BK 
999 |c 12406  |d 12406 
952 |0 0  |1 0  |4 0  |6 338_954000000000000_N72  |7 0  |8 ENG  |9 12207  |a MGUL  |b MGUL  |d 2013-07-16  |e R 350  |l 0  |o 338.954 N72  |p 28973  |r 2013-07-16  |w 2013-07-16  |y BK